| 000 | 01308nam0a22003131 4500 | ||
|---|---|---|---|
| 001 | rc\3988381 | ||
| 005 | 20210315100217.0 | ||
| 021 |
_aRU _b[56-63523] |
||
| 035 | _a(NLR Aleph) 008065710 | ||
| 090 |
_a9031187 _c9031187 |
||
| 100 | _a20130415d1956 |||y0rusy50 ca | ||
| 101 | 0 | _arus | |
| 102 | _aRU | ||
| 105 | _ay j ||||| | ||
| 200 | 1 |
_aХрестоматия по истории древнего мира _eПособие для преподавателей сред. школы _fПод ред. акад. В.В. Струве |
|
| 210 |
_aМосква _cУчпедгиз _d1956 |
||
| 215 |
_a343 с. _d23 |
||
| 300 | _aНа обороте тит. л. сост.: В.С. Воробьев-Десятовский, Р.Ф. Итс, Д.П. Каллистов и др. | ||
| 606 |
_aДревний мир _xИстория _jХрестоматии _2psbo |
||
| 702 | 1 |
_aИтс _bР. Ф. _4220 |
|
| 702 | 1 |
_aКаллистов _bД. П. _4220 |
|
| 702 | 1 |
_aВоробьев-Десятовский _bВ. С. _f1927-1956 _gВладимир Святославович _3RU\NLR\AUTH\770227901 _4220 |
|
| 702 | 1 |
_aСтруве _bВ. В. _gВасилий Васильевич _4340 |
|
| 801 | 0 |
_aRU _bNLR _gpsbo |
|
| 801 | 1 |
_aRU _bELAR _2rusmarc |
|
| 852 |
_aNLR _jИ20 Г-5/105 |
||
| 942 | _cBOOK | ||
| 980 | _aNB | ||